| 000 | 00891cam a2200217 4500 | ||
|---|---|---|---|
| 001 | X120737 | ||
| 008 | 021211n2002 000 0 eng u | ||
| 035 | _a(Sirsi) u120737 | ||
| 245 | _aWhilstling past the graveyard isn't enough | ||
| 260 | _c2002 | ||
| 490 |
_aArt Antiquity and Law _v7(3) September 2002, 207-230(24) |
||
| 520 | _aDiscusses the background to the "United States v Portrait of Wally" case in which a US federal court ruled that the United States may seek to confiscate a painting loaned to New York from the Leopold Museum in Austria on the grounds that the museum allegedly knew that it was stolen Nazi looted property. | ||
| 650 | _aUNITED STATES | ||
| 650 | _aSTOLEN WORKS OF ART | ||
| 650 | _aPAINTING | ||
| 650 | _aPORTRAIT OF WALLY | ||
| 650 | _aTIME-BARRED | ||
| 650 | _aNATIONAL STOLEN PROPERTY ACT | ||
| 690 |
_aArts and antiques _96217 |
||
| 942 | _n0 | ||
| 999 |
_c71748 _d71748 |
||